书目信息 |
| 题名: |
小说面面观
|
|
| 作者: | 佛斯特 著 | |
| 分册: | ||
| 出版信息: | 广州 花城出版社 1981 |
|
| 页数: | 146页 | |
| 开本: | 19cm | |
| 丛书名: | ||
| 单 册: | ||
| 中图分类: | I054 | |
| 科图分类: | ||
| 主题词: | 小说-文学理论 , 文学理论-小说 | |
| 电子资源: | ||
| ISBN: | ||
| 000 | 00640nam0 2200241 45 | |
| 001 | 0181006074 | |
| 005 | 20070730181254.09 | |
| 010 | @dCNY0.43 | |
| 091 | @aCN@b10261.26 | |
| 100 | @a19950705d1981 em y0chiy0121 ea | |
| 101 | 1 | @achi@ceng |
| 102 | @aCN@b440000 | |
| 105 | @ay z 000zy | |
| 200 | 10 | @a小说面面观@Axiao shuo mian mian guan@f(英)爱·摩·佛斯特著 |
| 210 | @a广州@c花城出版社@d1981 | |
| 215 | @a146页@d19cm | |
| 606 | @a小说-文学理论 | |
| 606 | @a文学理论-小说 | |
| 690 | @aI054@v3 | |
| 701 | 1 | @a佛斯特@Afo si te@b爱·摩@4著 |
| 801 | 2 | @aCN@bNLC@c20070730 |
| 801 | 0 | @aCN@bTSSF@c20060912 |
| 905 | @a10447@dI054@e134 | |
| 小说面面观/(英)爱·摩·佛斯特著.-广州:花城出版社,1981 |
| 146页;19cm |
| ISBN :CNY0.43 |
| ● |
| 相关链接 |
|
|
|
|
正题名:小说面面观
索取号:I054/134
 
预约/预借
| 序号 | 登录号 | 条形码 | 馆藏地/架位号 | 状态 | 备注 |
| 1 | 0427683 | 204276835 | 密集书库/ [索取号:I054/134] | 在馆 | |
| 2 | 0427684 | 204276844 | 密集书库/ [索取号:I054/134] | 在馆 | |
| 3 | 0427685 | 204276853 | 密集书库/ [索取号:I054/134] | 在馆 | |
| 4 | 0427686 | 204276862 | 密集书库/ [索取号:I054/134] | 在馆 | |
| 5 | 0469134 | 204691342 | 密集书库/ [索取号:I054/134] | 在馆 | |
| 6 | 0470160 | 204701607 | 密集书库/ [索取号:I054/134] | 在馆 | |
| 7 | 0474734 | 204747346 | 密集书库/ [索取号:I054/134] | 在馆 | |
| 8 | 0474846 | 204748461 | 密集书库/ [索取号:I054/134] | 在馆 | |
| 9 | 0787562 | 207875628 | 密集书库/ [索取号:I054/134] | 在馆 |